000 00444nam a22001697a 4500
003 NUST - PNEC
005 20170116180831.0
008 150730b xxu||||| |||| 00| 0 eng d
020 _a0521540860
040 _cLIBRARY
082 _a519.4028553042 HUN
100 _94599
_a Hunt, Brian R
245 _aA guide to MATLAB
_cBrian R. Hunt
250 _ac 2001
650 _94601
_aNumerical calculations--Data processing
_x-
942 _2ddc
_cBK
999 _c64009
_d64009